000 00908nam a22002657a 4500
001 BR6700452
003 BR-BrBNA
005 20230928083500.0
007 ta
008 230509b bl.||||| |||| 00| 0 por d
040 _aBR-BrBNA
_bpor
_cBiblioteca Nacional de Agricultura
041 _a(Por)
072 _aD50; M00
_b/G514
090 _ D50 BR6700452
110 1 _aSuperintendencia do Desenvolvimento da Pesca, Brasilia, DF (Brasil)
_910064
245 1 _aDecreto-lei no. 221 de 28/02/1967. Dispoe sobre a protecao e estimulos a pesca e da outras providencias; alterado pelo Decreto-lei no. 1376 de 12 de dezembro de 1974; alterado pela lei no. 6.270 de 1 de dezembro de 1975 [Brasil]
260 3 _aBrasilia, DF (Brasil):
_c1967.
300 _a31 p.
650 _aLEGISLACAO
650 _aPEIXE
650 _aDECRETO-LEI
650 _aLEI
909 _a202309
_bLucia
_c55
_dLucia Elande
942 _cBK
999 _c13721
_d13721